| 000 | 01700nam0a2200361 i 4500 | ||
|---|---|---|---|
| 001 | RU\NLR\BIBL_A\011011592 | ||
| 005 | 20241103093642.0 | ||
| 010 |
_a9785993900117 _9500 |
||
| 021 |
_aRU _b2016-14170 _9914 |
||
| 035 | _a(NILC)RuMoRGB-008154143 | ||
| 035 | _a(NLR Aleph) 011011592 | ||
| 090 |
_a11026878 _c11026878 |
||
| 100 | _a20160317d2016 um y0rusy50 ca | ||
| 101 | 0 | _arus | |
| 102 | _aRU | ||
| 105 | _aach|j|||000yy | ||
| 200 | 1 |
_aБолезнь и смерть _eизбранные лекции по клинической патологии и танатологии _eучебное пособие для врачей _fИ. В. Тимофеев _gнауч. ред. проф. Ю. А. Медведев |
|
| 210 |
_aСанкт-Петербург _cИзд-во ДНК _d2016 |
||
| 215 |
_a373, [2] с. _cил., цв. ил., портр., факс. _d22 |
||
| 300 | _aНа 2-й с. авт.: И. В. Тимофеев, засл. работник высш. шк. РФ, д.м.н., проф., юрист | ||
| 320 | _aБиблиогр.: с. 363-374 (179 назв.) | ||
| 320 | _aДр. работы авт. на 2-й с. | ||
| 606 |
_aПатологическая анатомия _jУчебные издания _9965579 _3RU\NLR\AUTH\6642429 |
||
| 606 | 1 |
_aТанатология _jУчебные издания _92288369 _3RU\NLR\AUTH\661370625 |
|
| 675 | _a616 | ||
| 686 | 1 | _aР251я77 | |
| 686 | 1 | _aР252.223я77 | |
| 700 | 1 |
_7ca _8rus _aТимофеев _bИ. В. _cд-р мед. наук, юрист _f1958- _gИгорь Владимирович _9140810 _3RU\NLR\AUTH\770140846 |
|
| 801 | 0 |
_aRU _bРГБ _c20160220 _gRCR |
|
| 942 | _cBOOK | ||
| 980 | _aNBR | ||